I Love You / (Record no. 5012)

MARC details
000 -LEADER
fixed length control field 00557nam a22001817a 4500
003 - CONTROL NUMBER IDENTIFIER
control field OSt
005 - DATE AND TIME OF LATEST TRANSACTION
control field 20251022035647.0
008 - FIXED-LENGTH DATA ELEMENTS--GENERAL INFORMATION
fixed length control field 251022b |||||||| |||| 00| 0 eng d
020 ## - INTERNATIONAL STANDARD BOOK NUMBER
International Standard Book Number 978-971-581-361-7
040 ## - CATALOGING SOURCE
Original cataloging agency DWCL - Main Lib
Transcribing agency OC
082 ## - DEWEY DECIMAL CLASSIFICATION NUMBER
Classification number Fil. 128.46 M379i 2023
100 ## - MAIN ENTRY--PERSONAL NAME
Personal name Martinborough, Gordon O.
245 ## - TITLE STATEMENT
Title I Love You /
Statement of responsibility, etc. Gordon O. Martinborough
260 ## - PUBLICATION, DISTRIBUTION, ETC.
Place of publication, distribution, etc. Cavite, Philippines :
Name of publisher, distributor, etc. Philippine Publishing House,
Date of publication, distribution, etc. c2023.
300 ## - PHYSICAL DESCRIPTION
Extent 265 pages :
Other physical details color illustrations ;
Dimensions 22cm.
650 ## - SUBJECT ADDED ENTRY--TOPICAL TERM
Topical term or geographic name entry element Love
942 ## - ADDED ENTRY ELEMENTS (KOHA)
Source of classification or shelving scheme Dewey Decimal Classification
Koha item type Book-Filipiniana
Call number suffix Fic.
Suppress in OPAC No
952 ## - LOCATION AND ITEM INFORMATION (KOHA)
--
Holdings
Withdrawn status Lost status Source of classification or shelving scheme Damaged status Not for loan Home library Current library Shelving location Date acquired Source of acquisition Total Checkouts Full call number Barcode Date last seen Copy number Price effective from Koha item type Uniform Resource Identifier
    Dewey Decimal Classification     Junior High School Library Junior High School Library Filipiniana 09/11/2025 School Fund   Fil. 128.46 M379i 2023 JHS - 21489 10/22/2025 c1 10/22/2025 BK - FIL